Contribución al conocimiento de las arenas del litoral atlántico bonaerense comprendido entre puerto San Blas y faro Segunda Barranca /

Guardado en:
Autor Principal: Calmels, Augusto P.
Formato: Libro
Idioma:Spanish
Publicado: Bahía Blanca : Universidad Nacional del Sur, 1971.
Etiquetas: Agregar Etiqueta
Sin Etiquetas, Sea el primero en etiquetar este registro!
LEADER 00565nam a22001335a 4500
001 EUN.um022904
008 041125s1971####ag#a##########000#0#spa#d
005 20181211094201.0
245 1 0 |a Contribución al conocimiento de las arenas del litoral atlántico bonaerense comprendido entre puerto San Blas y faro Segunda Barranca /  |c Augusto P. Calmels … [et al.]. 
260 |a Bahía Blanca :  |b Universidad Nacional del Sur,  |c 1971. 
300 |a 28 p. :  |b ilus. ;  |c 20 cm. 
100 1 |a Calmels, Augusto P. 
082 0 4 |a 552.5 
859 |a Ar-BaUNS  |b BIB. CENTRAL - Sector C  |h 552.5  |i C136-6  |p 59935/971